Music Quiz

Random Music or Album Quiz

Traffic Albums Quiz Stats

 Plays Quiz not verified by Sporcle

Score 0/8 Timer 01:00
0 Plays Today
% Correct
Far from Home
93.5%
Shoot Out at the Fantasy Factory
71.6%
The Low Spark of High Heeled Boys
60.9%
When the Eagle Flies
54%
John Barleycorn Must Die
42.5%
Traffic
41.4%
Mr. Fantasy
36%
Last Exit
33.3%

You're not logged in!

Compare scores with friends on all Sporcle quizzes.
OR
Log In

Show Comments

Extras

Top Quizzes Today


Score Distribution

Your Account Isn't Verified!

In order to create a playlist on Sporcle, you need to verify the email address you used during registration. Go to your Sporcle Settings to finish the process.

Report this User

Report this user for behavior that violates our Community Guidelines.

Details: